| 000 | 00366nam a22001217a 4500 | ||
|---|---|---|---|
| 082 | _a347.549105 NIZ | ||
| 100 | _aNizami, Muhammad Mazhar Hassan | ||
| 245 |
_aThe Code of Civil Procedure with Commentary / _cMuhammad Mazhar Hassan Nizami |
||
| 260 |
_aLahore _bPLD Publishers |
||
| 300 | _a1003p | ||
| 942 |
_2ddc _cBK |
||
| 999 |
_c540953 _d540953 |
||